Statistiques concernant Roman d'Agatha Christie... ou Titre de Jul ?

Cliquez ici pour prendre le quiz!

Statistiques générales

  • Ce quiz a été pris 1 189 fois
  • Le résultat moyen est 14 sur 20

Statistiques - réponses

HintRéponse% Correct
Pic et Pic, Alcool et DrameJul
87%
Le Chat et les PigeonsAgatha Christie
85%
Cinq Petits CochonsAgatha Christie
84%
Sous la LuneJul
81%
La Tête dans les NuagesJul
81%
Jeux de glacesAgatha Christie
80%
Seul au mondeJul
79%
La Nuit qui ne finit pasAgatha Christie
78%
Cartes sur TableAgatha Christie
74%
Cœur BlancJul
74%
Destination inconnueAgatha Christie
73%
Le Flux et le RefluxAgatha Christie
68%
Carré d'AsJul
66%
Vis mon malheurJul
65%
AssassinatJul
64%
Elle et l'AutreJul
62%
N ou M ?Agatha Christie
56%
Je ne suis pas coupableAgatha Christie
50%
NémésisAgatha Christie
47%
JohnJul
41%

Distribution des résultats

Percentile par nombre de réponses

% des personnes avec chaque résultat

Votre développement - résultats

Vous n’avez pas pris ce quiz